Bolivia History Quiz 2025 - Statistics

General Stats
  • This quiz has been taken 20 times
  • The average score is 7 of 15
Answer Stats
Hint Answer % Correct
Former Colony of... Spain
94%
Main Laguage Spanish
94%
Axis or Allied in WW2 Allied
82%
Has Bolivia Ever Fought a Civil War? Yes
76%
Year of Independence 1825
65%
Capital Sucre
65%
Number of Political Parties 9
59%
Biggest Enemy USA
47%
Closest Ally Venezuela
35%
Form of Government Republic
18%
Number of Presidents 67
12%
Rank in Military Charts 80
12%
Number of Provinces 112
6%
Main Export Zinc
6%
Current President Luis Catacora
0%
No matching quizzes found
Score Distribution
Percent of People with Each Score
Percentile by Number Answered
Your Score History
You have not taken this quiz